Most Populous Massachusetts Municipalities in 1930 - Statistics

General Stats
  • This quiz has been taken 3 times
  • The average score is 15 of 20
Answer Stats
Population County Status Municipality % Correct
781,188 Suffolk City Boston
100%
113,643 Middlesex City Cambridge
100%
65,276 Middlesex City Newton
100%
71,983 Norfolk City Quincy
100%
149,900 Hampden City Springfield
100%
195,311 _________ City Worcester
100%
63,797 Plymouth City Brockton
67%
47,491 Norfolk Town Brookline
67%
48,424 Middlesex City Everett
67%
115,274 Bristol City Fall River
67%
48,710 Essex City Haverhill
67%
56,537 Hampden City Holyoke
67%
85,068 Essex City Lawrence
67%
100,234 Middlesex City Lowell
67%
102,320 Essex City Lynn
67%
58,036 Middlesex City Malden
67%
112,597 Bristol City New Bedford
67%
49,677 Berkshire City Pittsfield
67%
103,908 Middlesex City Somerville
67%
59,714 Middlesex City Medford
33%
No matching quizzes found
Score Distribution
Percent of People with Each Score
Percentile by Number Answered
Your Score History
You have not taken this quiz